| 000 | 00940nam a2200265Ia 4500 | ||
|---|---|---|---|
| 999 |
_c5456 _d5456 |
||
| 003 | OSt | ||
| 005 | 20200617142655.0 | ||
| 008 | 191128s1946 mx gr 000 0dspa d | ||
| 040 |
_aCO-JMCR _cCO-JMCR |
||
| 041 | 1 |
_aspa _hnds |
|
| 082 | 0 | 4 |
_a330.122 / _bS651a _223 |
| 100 | 1 |
_aSombart, Werner, _eautor _95517 |
|
| 245 | 1 | 3 |
_aEl apogeo del capitalismo / _cWerner Sombart ; versión directa por José Urbano Guerrero |
| 250 | _aPrimera edición | ||
| 260 |
_aMéxico : _bFondo de Cultura Económica, _c1946. |
||
| 300 |
_a513 páginas ; _c22 cm. |
||
| 490 | 0 | _aSección de obras de economía | |
| 504 | _aBibliografía al comienzo de cada capítulo. | ||
| 505 | 0 | _aEl proceso económico -- Cuadro de conjunto de la economía | |
| 546 | _aTraducido del alemán | ||
| 650 | 1 | 4 |
_aCapitalismo _xEstado Dinero _95518 |
| 650 | 2 | 4 |
_aBienes _xCrédito Estado _95519 |
| 700 | 1 |
_aGuerrero, José Urbano, _etraductor _95520 |
|
| 942 |
_2ddc _cBK |
||